000 00488nam a22001937a 4500
003 MPLRDC
005 20220104123409.0
008 210129b ||||| |||| 00| 0 eng d
020 _a957-593-315-X
082 _a889 LMJD v.61
100 _aVIRGINIA HENLEY
245 _a苍龙宝珠
_c方永思译
250 _a第一版
260 _a
_b林白出版社
_c1992
300 _b
490 _a浪漫经典. 61
650 _a西洋小说之中文翻译
942 _cBK
_o889 LMJD v.61
999 _c11090
_d11080